000 00753nam a22002297a 4500
001 88434
003 UA-OsUOA
005 20230912143501.0
007 ta
008 20121005b un ||||| |||| 00| 0 ukr d
040 _aUA-OsUOA
_brus
_cUA-OsUOA
_dUA-OsUOA
041 _arus
080 _a82.09(091)
090 _a82.09(091)
_bО-42
100 _aОдиноков В. Г.
245 _aПроблемы поэтики и типологии русского романа ХІХ века
_cВ. Г. Одиноков ; отв. ред. Постнов Ю. С.
260 _aНовосибирск
_bНаука
_c1971
300 _a190 с.
650 7 _a82 Література. Літературознавство
_2UDC
942 _cBK
_2udc
955 _a1
999 _c374835
_d374835